Tribhuvan University Central Library

कर्मवीर शेरबहादुर गुरुङ: (Record no. 118686)

MARC details
000 -LEADER
fixed length control field 01144nam a22001817a 4500
008 - FIXED-LENGTH DATA ELEMENTS--GENERAL INFORMATION
fixed length control field 241223b |||||||| |||| 00| 0 eng d
020 ## - INTERNATIONAL STANDARD BOOK NUMBER
International Standard Book Number 9789937127042
082 ## - DEWEY DECIMAL CLASSIFICATION NUMBER
Edition number 23rd
Classification number N923.2/K651
241 ## - ROMANIZED TITLE (BK AM CF MP MU VM)
Romanized title Karmavir Sherbahadur Gurung: rajneetik, samajik, shaikshik, sanskritik, sahityik, bahuaayamik vyaktitwa.
245 ## - TITLE STATEMENT
Title कर्मवीर शेरबहादुर गुरुङ:
Remainder of title राजनीतिक, सामाजिक, शैक्षिक, सांस्कृतिक, साहित्यिक, बहुआयामिक व्यक्‍तित्व /
Statement of responsibility, etc. सम्पा. नारायणबहादुर गुरुङ र मनिराज गुरुङ.
260 ## - PUBLICATION, DISTRIBUTION, ETC.
Place of publication, distribution, etc. काठमाण्डौ:
Name of publisher, distributor, etc. नारायण बहादुर गुरुङ,
Date of publication, distribution, etc. २०७९वि.
300 ## - PHYSICAL DESCRIPTION
Extent vi, 333p. : ill.
650 ## - SUBJECT ADDED ENTRY--TOPICAL TERM
Topical term or geographic name entry element जीवनी
650 ## - SUBJECT ADDED ENTRY--TOPICAL TERM
Topical term or geographic name entry element गुरुङ, शेरबहादुर–जीवनी
700 ## - ADDED ENTRY--PERSONAL NAME
Personal name गुरुङ, नारायणबहादुर (सम्पा.)
700 ## - ADDED ENTRY--PERSONAL NAME
Personal name गुरुङ, मनिराज (सम्पा.)
942 ## - ADDED ENTRY ELEMENTS (KOHA)
Source of classification or shelving scheme Dewey Decimal Classification
Koha item type ISBN
Holdings
Withdrawn status Lost status Source of classification or shelving scheme Damaged status Not for loan Home library Current library Date acquired Total Checkouts Full call number Barcode Date last seen Price effective from Koha item type
    Dewey Decimal Classification     Tribhuvan University Central Library Tribhuvan University Central Library 12/23/2024   N923.2/K651 IS27683 12/23/2024 12/23/2024 ISBN
    Dewey Decimal Classification     Tribhuvan University Central Library Tribhuvan University Central Library 12/23/2024   N923.2/K651 IS27684 12/23/2024 12/23/2024 ISBN